<?xml version="1.0" encoding="UTF-8"?>
<record
    xmlns:xsi="http://www.w3.org/2001/XMLSchema-instance"
    xsi:schemaLocation="http://www.loc.gov/MARC21/slim http://www.loc.gov/standards/marcxml/schema/MARC21slim.xsd"
    xmlns="http://www.loc.gov/MARC21/slim">

  <leader>01193nam a22003257a 4500</leader>
  <controlfield tag="001">000474</controlfield>
  <controlfield tag="003">DO-SdBNP</controlfield>
  <controlfield tag="005">20250723100146.0</controlfield>
  <controlfield tag="007">000474</controlfield>
  <controlfield tag="008">160905b   2008 mx  ||||| |||| 00| 0 spa d</controlfield>
  <datafield tag="020" ind1=" " ind2=" ">
    <subfield code="a">9707705949</subfield>
  </datafield>
  <datafield tag="040" ind1=" " ind2=" ">
    <subfield code="a">BPMSU</subfield>
    <subfield code="b">spa</subfield>
    <subfield code="c">BPMSU</subfield>
  </datafield>
  <datafield tag="082" ind1=" " ind2="4">
    <subfield code="a">658.1</subfield>
    <subfield code="b">S617a 2008</subfield>
    <subfield code="2">22</subfield>
  </datafield>
  <datafield tag="100" ind1="1" ind2=" ">
    <subfield code="a">Singer, Blair </subfield>
  </datafield>
  <datafield tag="245" ind1="1" ind2="3">
    <subfield code="a">El abc para crear un equipo de negocios exitoso :</subfield>
    <subfield code="b">el c&#xF3;digo de honor invisible que transforma a grupos de personas en equipos de campeones /</subfield>
    <subfield code="c">Blair Singer ; prologo de Robert Kiyosaki.</subfield>
  </datafield>
  <datafield tag="260" ind1=" " ind2=" ">
    <subfield code="a">M&#xE9;xico : </subfield>
    <subfield code="b">Aguilar, </subfield>
    <subfield code="c">2008</subfield>
  </datafield>
  <datafield tag="300" ind1=" " ind2=" ">
    <subfield code="a">157 p. ; </subfield>
    <subfield code="c">23 cm.</subfield>
  </datafield>
  <datafield tag="490" ind1="0" ind2=" ">
    <subfield code="a">Padre rico;</subfield>
    <subfield code="a">advisors.</subfield>
    <subfield code="v"> </subfield>
  </datafield>
  <datafield tag="500" ind1=" " ind2=" ">
    <subfield code="a">Traducci&#xF3;n de ABC's of building a business team that wins.</subfield>
  </datafield>
  <datafield tag="500" ind1=" " ind2=" ">
    <subfield code="a">Incluye datos del  autor </subfield>
  </datafield>
  <datafield tag="505" ind1=" " ind2=" ">
    <subfield code="t">Amy Foster --</subfield>
    <subfield code="t">Falk: A reminiscencia --</subfield>
    <subfield code="t">Ma&#xF1;ana</subfield>
  </datafield>
  <datafield tag="650" ind1=" " ind2="4">
    <subfield code="a">Aptitud creadora en los negocios</subfield>
  </datafield>
  <datafield tag="650" ind1=" " ind2="4">
    <subfield code="a">&#xC9;xito en los negocios</subfield>
  </datafield>
  <datafield tag="650" ind1=" " ind2="4">
    <subfield code="a">Emprendimiento</subfield>
  </datafield>
  <datafield tag="700" ind1="1" ind2=" ">
    <subfield code="a">Valencia Goelkel,  Hernando, </subfield>
    <subfield code="e">traductor </subfield>
  </datafield>
  <datafield tag="700" ind1="1" ind2=" ">
    <subfield code="a">Kiyosaki, Robert, </subfield>
    <subfield code="e">pr&#xF3;logo</subfield>
  </datafield>
  <datafield tag="910" ind1=" " ind2=" ">
    <subfield code="a">LOPEREZ/ VMateo V. Control de calidad (BPMSU)</subfield>
  </datafield>
  <datafield tag="942" ind1=" " ind2=" ">
    <subfield code="2">ddc</subfield>
    <subfield code="c">BK</subfield>
  </datafield>
  <datafield tag="952" ind1=" " ind2=" ">
    <subfield code="0">0</subfield>
    <subfield code="1">0</subfield>
    <subfield code="2">ddc</subfield>
    <subfield code="4">0</subfield>
    <subfield code="7">0</subfield>
    <subfield code="8">CG</subfield>
    <subfield code="a">BPMET</subfield>
    <subfield code="b">BPMET</subfield>
    <subfield code="d">2016-09-06</subfield>
    <subfield code="e">Alfaguara</subfield>
    <subfield code="o">BPMSU CG 658.1 S617a 2008</subfield>
    <subfield code="p">BPMSU16090184</subfield>
    <subfield code="r">2016-09-06</subfield>
    <subfield code="w">2016-09-06</subfield>
    <subfield code="y">BK</subfield>
  </datafield>
  <datafield tag="952" ind1=" " ind2=" ">
    <subfield code="0">0</subfield>
    <subfield code="1">0</subfield>
    <subfield code="2">ddc</subfield>
    <subfield code="4">0</subfield>
    <subfield code="7">0</subfield>
    <subfield code="8">CG</subfield>
    <subfield code="a">BPMET</subfield>
    <subfield code="b">BPMET</subfield>
    <subfield code="d">2016-09-06</subfield>
    <subfield code="e">Alfaguara</subfield>
    <subfield code="o">BPMSU CG 658.1 S617a 2008</subfield>
    <subfield code="p">BPMSU16090185</subfield>
    <subfield code="r">2016-09-06</subfield>
    <subfield code="t">e.2</subfield>
    <subfield code="w">2016-09-06</subfield>
    <subfield code="y">BK</subfield>
  </datafield>
  <datafield tag="952" ind1=" " ind2=" ">
    <subfield code="0">0</subfield>
    <subfield code="1">0</subfield>
    <subfield code="2">ddc</subfield>
    <subfield code="4">0</subfield>
    <subfield code="7">0</subfield>
    <subfield code="8">EXT</subfield>
    <subfield code="a">BPMET</subfield>
    <subfield code="b">BPMET</subfield>
    <subfield code="d">2016-09-06</subfield>
    <subfield code="e">Alfaguara</subfield>
    <subfield code="l">0</subfield>
    <subfield code="p">BPMSU16090186</subfield>
    <subfield code="r">2016-09-06</subfield>
    <subfield code="t">ej. 3</subfield>
    <subfield code="w">2016-09-06</subfield>
    <subfield code="y">BK</subfield>
  </datafield>
  <datafield tag="956" ind1=" " ind2=" ">
    <subfield code="2">LOPEREZ</subfield>
    <subfield code="3">10</subfield>
    <subfield code="6">20160905</subfield>
    <subfield code="8">BPMSU</subfield>
    <subfield code="a">00041</subfield>
  </datafield>
  <datafield tag="999" ind1=" " ind2=" ">
    <subfield code="c">11321</subfield>
    <subfield code="d">11321</subfield>
  </datafield>
</record>
